| Поле | Инд. | ПП | Название | Значение |
|---|---|---|---|---|
| Тип записи | a | |||
| Библиографический уровень | m | |||
| 001 | Контрольный номер | RU/IS/BASE/469641297 | ||
| 005 | Дата корректировки | 20260513082527.4 | ||
| 020 | a | ISBN | 9785406024683 | |
| 084 | a | Индекс другой классификации/Индекс ББК | 60.55-3я73 | |
| 090 | a | Полочн. индекс | 60.55-3я73 | |
| x | Авторский знак | К 592 | ||
| 100 | 1_ | a | Автор | Козлов В. В. |
| q | Полное имя | Козлов Виктор Васильевич | ||
| 100 | 1_ | a | Автор | Одегов Ю. Г. |
| q | Полное имя | Одегов Юрий Геннадьевич | ||
| 100 | 1_ | a | Автор | Сидорова В. Н. |
| q | Полное имя | Сидорова Вера Николаевна | ||
| 245 | a | Заглавие | Организационная культура | |
| b | Продолж. заглавия | учебное пособие | ||
| c | Ответственность | под редакцией М. Н. Кулапова; рецензенты Г. Г. Руденко, В. С. Половинко; Российский экономический университет им. Г. В. Плеханова | ||
| 260 | c | Дата издания | 2013 | |
| a | Место издания | Москва | ||
| b | Издательство | КноРус | ||
| 300 | a | Объем | 272 с. | |
| 336 | a | Термин вида содержания | Текст | |
| 337 | a | Термин типа средства | непосредственный | |
| 440 | a | Серия | Бакалавриат | |
| 500 | a | Примечание | Соответствует Федеральному государственному образовательному стандарту третьего поколения | |
| 541 | a | Номер заявки | 2805 | |
| b | Заявитель | Дмитриева С.О. | ||
| c | Факультет/Кафедра/Подразделение | Кафедра социологии и гуманитарных наук | ||
| d | Дата заявки | 20.11.2013 | ||
| f | Дисциплина | социология управления в сфере культуры искусства, культурология | ||
| n | Количество экземпляров | 10 | ||
| 650 | a | Основная рубрика | организационное поведение | |
| a | Основная рубрика | социология | ||
| a | Основная рубрика | социология организаций | ||
| 653 | a | Ключевые слова | бизнес | |
| a | Ключевые слова | имидж организации | ||
| a | Ключевые слова | корпоративная культура | ||
| a | Ключевые слова | культурные ценности | ||
| a | Ключевые слова | международный этикет | ||
| a | Ключевые слова | методы управления | ||
| a | Ключевые слова | модели организации | ||
| a | Ключевые слова | национальная культура | ||
| a | Ключевые слова | национальные особенности | ||
| a | Ключевые слова | организационная культура | ||
| a | Ключевые слова | организационное развитие | ||
| a | Ключевые слова | организация | ||
| a | Ключевые слова | оценка эффективности | ||
| a | Ключевые слова | профессиональный кодекс | ||
| a | Ключевые слова | репутация организации | ||
| a | Ключевые слова | самооценка организаций | ||
| a | Ключевые слова | типология | ||
| a | Ключевые слова | этические принципы | ||
| 655 | a | Жанр/ форма (устаревшее) | учебное пособие | |
| 700 | a | Автор | Руденко Г. Г. | |
| e | Роль лиц | рецензент | ||
| 700 | 1_ | a | Автор | Половинко В. С. |
| e | Роль лиц | рецензент | ||
| 700 | 1_ | a | Автор | Кулапов М. Н. |
| e | Роль лиц | редактор | ||
| 901 | t | Тип документа | m | |
| 952 | a | Тип литературы для КСУ ВШ | УИ | |
| 954 | a | Гриф | 1.2.2.650 |